000 01813nab a22002777a 4500
999 _c5383
_d5383
003 OSt
005 20250307100454.0
008 190603e xxum|||| |||| 00| 0 spa d
040 _cPJ
100 _96415
_aDanuzzo, Ricardo Sebastián
245 1 0 _aMecanismos de actualización en los contratos de consumo /
_cRicardo Sebastian Danuzzo.
260 _cCiudad Autónoma de Buenos Aires :
_aThomson Reuters La Ley,
_b2024.
300 _ap. 45-48
500 _aCita Online: TR LALEY AR/DOC/1173/2024.
505 _aSumario: I. Introducción.— II. Evolución.— III. La caracterización de consumidor en el régimen de la ley 24.240 de Defensa del Consumidor.— IV. La renegociación contractual como herramienta eficaz para la solución de los desequilibrios en el marco de los contratos.— V. La renegociación contractual es un principio general del derecho que posibilita su aplicación a otros supuestos.— VI. Su operatividad y contenido conforme a las distintas estructuras contractuales.— VII. Los contratos de negociación individual o paritarios.— VIII. El anatocismo como cláusula abusiva.— IX. Los mecanismos de actualización de créditos de consumo.— X. La tasa de interés aplicable a los créditos de consumo.— XI. Conclusiones.
505 _t¿Te interesa el texto completo? Solicitalo al correo: koha@justierradelfuego.gov.ar
650 0 _92597
_aDEFENSA DEL CONSUMIDOR
650 0 _95417
_aCONTRATOS DE CONSUMO
650 0 _92436
_aTASA DE JUSTICIA
650 0 _93790
_aACTUALIZACIÓN MONETARIA
650 0 _96365
_aANATOCISMO
650 0 _91606
_aCONTRATO DE ADHESION
650 0 _94601
_aINFLACIÓN
773 0 _02713
_93170
_dCiudad Autónoma de Buenos Aires : Thomson Reuters La Ley, 2015-
_tRevista Código Civil y Comercial. Nº 3 - Junio 2024
942 _2udc
_cANA